000 01033nam a2200241Ia 4500
003 Ost
005 20260507075324.0
008 260507s9999||||xx |||||||||||||| ||und||
020 _a11563899579
040 _cfsecg
041 _aara
082 _a658.8
100 _aعرفة، سيد سالم
_eمؤلف
245 0 _aنظم المعلومات التسويقية /
_c سيد سالم عرفة
260 _aعمان:
_bالراية للنشرللنشر والتوزيع,
_c2011
300 _a254 صفحة؛
_bإيضاحات ؛
_c25 سم
504 _aببليوغرافيا: ص.251
520 _aمبادئ التسويق، مهارات الاتصال والتسويق، ماهية التسويق، إدارة مورد المعلومات، نظام المعلومات التسويقية والإدارية، نحو معلومات تسويقية حديثة
653 _aأدارة المبيعات
653 _aالتسويق
653 _aنظم المعلومات- المؤسسة الممتدة
942 _cكتاب
999 _c43954
_d43954